Research methods for business and management
| Main Author: | |
|---|---|
| Other Authors: | |
| Format: | Book |
| Published: |
New York :
Macmillan ,
1992
|
| Subjects: |
MARC
| LEADER | 00000cam a2200000 7i4500 | ||
|---|---|---|---|
| 001 | 0000000670 | ||
| 005 | 20050506.0 | ||
| 020 | |a 0029463777 | ||
| 040 | |a INS | ||
| 090 | 0 | 0 | |a HD30.4. |b G39 1992 |
| 100 | 1 | |a Gay, L.R. | |
| 245 | 1 | 0 | |a Research methods for business and management |c L.R.Gay |
| 260 | |a New York : |b Macmillan , |c 1992 | ||
| 650 | 0 | 0 | |a Business research |
| 650 | 0 | 0 | |a Management |x Research |
| 700 | 1 | |a Diehl, P.L. | |
| 999 | |a 0000004786 |b BOOK |c Open Shelf |e Default branch | ||